Business Communication Today: (Record no. 215621)

MARC details
000 -LEADER
fixed length control field 00758nam a22002177a 4500
005 - DATE AND TIME OF LATEST TRANSACTION
control field 20260318150457.0
010 ## - LCCN (DPL NO)
LC control number ENG-147894
020 ## - INTERNATIONAL STANDARD BOOK NUMBER
International Standard Book Number 9789371963921
Terms of availability 950.00
035 ## - SYSTEM CONTROL NUMBER
System control number EN-131426
037 ## - SOURCE OF ACQUISITION
Source of stock number/acquisition DBAD
082 ## - DEWEY DECIMAL CLASSIFICATION NUMBER
Classification number 651.7
Edition number 16
100 ## - MAIN ENTRY--PERSONAL NAME
Personal name Bovee, Courtland L.
245 ## - TITLE STATEMENT
Title Business Communication Today:
Remainder of title Creating Human Connections in the Age of AI/
Statement of responsibility, etc Courtland L. Bovee; John V Thill [and] Roshan Lal Raina
250 ## - EDITION STATEMENT
Edition statement 16
260 ## - PUBLICATION, DISTRIBUTION, ETC. (IMPRINT)
Place of publication, distribution, etc Noida
Name of publisher, distributor, etc Pearson India Education
Date of publication, distribution, etc 2026
270 ## - ADDRESS
Address 15th Floor, Towe-B, World Trade Tower, Plot No.1, Block-C, Sector-16
City Noida
Postal code 201301
300 ## - PHYSICAL DESCRIPTION
Extent 693p.
Dimensions 25cm(pb)
700 ## - ADDED ENTRY--PERSONAL NAME
Personal name Thill, John V
9 (RLIN) 88589
700 ## - ADDED ENTRY--PERSONAL NAME
Personal name Raina, Roshan Lal
9 (RLIN) 88590
942 ## - ADDED ENTRY ELEMENTS (KOHA)
Source of classification or shelving scheme Dewey Decimal Classification
Item type English Books
Classification part 651.7
Call number suffix BOV

No items available.


© Delhi Public Library
Hit Counter
free hit counter